Arrondissements parisiens par lieux célèbres - Statistiques

Statistiques générales
  • Ce quiz a été pris 60 fois
  • Le résultat moyen est 16 sur 20
Statistiques - réponses
Par images Réponse % Correct
1
98%
16
93%
18
89%
4
89%
15
85%
19
85%
6
85%
7
85%
13
82%
8
82%
9
82%
10
80%
20
80%
12
78%
5
78%
11
76%
2
76%
14
75%
17
73%
3
73%
Aucun quiz correspondant
Distribution des résultats
% des personnes avec chaque résultat
Percentile par nombre de réponses
Votre historique - résultats
Vous n’avez pas pris ce quiz